| 000 | 00494cam a22001934a 4500 | ||
|---|---|---|---|
| 005 | 20250605164159.0 | ||
| 008 | 250528s ||||||||||||||||||||||||d | ||
| 035 | _a19718 | ||
| 020 | _a9609160611 | ||
| 040 |
_aGR-AtMCL _bgre _dGR-AtMCL _eAACR2 |
||
| 245 | 1 | _aΣΥΣΤΗΜΑΤΑ ΑΥΤΟΜΑΤΟΥ ΕΛΕΓΧΟΥ ΤΟΜΟΣ Ι | |
| 250 | _a1 | ||
| 260 |
_bΖήτη, _c2006 |
||
| 300 | _a462 | ||
| 700 | 1 |
_aΠετριδης Β _95919 |
|
| 942 | _cBK | ||
| 999 |
_c4974 _d4974 |
||